000 00526nam a2200181 i 4500
001 48991
003 ES-MaACL
005 20230906161848.0
007 t|
008 030704s1972 sp ||||1| spa d
100 1 _aLe Carré, John.
_970854
245 1 3 _aEl amante ingenuo y sentimental /
_cJohn Le Carré (seud.) ; [traducción, Carlos Casas].
250 _a1ª ed.
260 _a[Barcelona] :
_bNoguer,
_c[1972]
300 _a405 p. ;
_c23 cm.
700 1 _aCasas, Carlos.
_936188
852 _aES-MaACL
_jC-43134
_bR.82226
999 _c48991
_d48991